000
00299nam a22001337a 4500
008
181122b xxu||||| |||| 00| 0 eng d
020
_a
9780696225918
041
_a
eng
080
_2
4th
_a
618
100
_a
10
101
_a
GJIN
245
_a
Your Pregnancy & Birth
_c
Dattel.B.J
942
_2
udc
_c
BK
999
_c
52347
_d
52347